Ḥolot ha-zahav / (Record no. 33290)

MARC details
000 -LEADER
fixed length control field 00645cam a22002291a 4500
001 - CONTROL NUMBER
control field he 68001414
003 - CONTROL NUMBER IDENTIFIER
control field DLC
005 - DATE AND TIME OF LATEST TRANSACTION
control field 20260227111458.0
008 - FIXED-LENGTH DATA ELEMENTS--GENERAL INFORMATION
fixed length control field 841029s1967 is 000 0 hebr
010 ## - LIBRARY OF CONGRESS CONTROL NUMBER
LC control number he 68001414
035 ## - SYSTEM CONTROL NUMBER
System control number (OCoLC)19193614
040 ## - CATALOGING SOURCE
Original cataloging agency DLC
Transcribing agency MH
Modifying agency AzU
-- DLC
042 ## - AUTHENTICATION CODE
Authentication code premarc
050 00 - LIBRARY OF CONGRESS CALL NUMBER
Classification number PJ5054.T317
Item number H62 1967
100 1# - MAIN ENTRY--PERSONAL NAME
Personal name Tammuz, Benjamin,
Dates associated with a name 1919-
245 10 - TITLE STATEMENT
Title Ḥolot ha-zahav /
Statement of responsibility, etc. Binyamin Tamuz.
260 ## - PUBLICATION, DISTRIBUTION, ETC.
Place of publication, distribution, etc. [Tel Aviv] :
Name of publisher, distributor, etc. [Ḳetsin ḥinukh rashi, ʻAnaf haśkalah],
Date of publication, distribution, etc. [1967]
300 ## - PHYSICAL DESCRIPTION
Extent 94 p. ;
Dimensions 15 cm.
440 #0 - SERIES STATEMENT/ADDED ENTRY--TITLE
Title Sifriyat Tarmil ;
Volume/sequential designation 41
500 ## - GENERAL NOTE
General note Short stories.
752 ## - ADDED ENTRY--HIERARCHICAL PLACE NAME
Country or larger entity Israel
City Tel Aviv

No items available.

Powered by Koha